000
00269nam a2200097Ia 4500
008
200302s9999 xx 000 0 und d
100
_a
J. Martin Dykes
245
_a
The Appearance of Concrect Highway Structures
260
_b
Cement and Concrete Association
300
_a
28 P.,
999
_c
497
_d
497